| 000 | 01267nam a2200301 a 4500 | ||
|---|---|---|---|
| 005 | 20240507104503.0 | ||
| 008 | 100806t2000||||ag a f |||| 001 0 spa d | ||
| 020 | _a9874317698 | ||
| 041 | _aspa | ||
| 092 |
_c616 _l47 _sLAS |
||
| 100 | 1 |
_aLasala, Fernando G. _9900 |
|
| 245 | 6 |
_aDe la Semiología a la Clínica. _bFasc.3 De la Semiología del Aparato Digestivo a la Clínica. Segunda parte: higado, vías biliares y páncreas / _cFernando G. Lasala |
|
| 250 | _a1a ed. | ||
| 260 |
_aBuenos Aires: _bS/E; _c2000. |
||
| 300 |
_a93 p. _bil. |
||
| 500 | _aLasala, F. G. y Gennaro,O. (2000). De la semiología a la clínica. Fasc.3 De la semiología del aparato digestivo a la clínica. Segunda Parte: Hígado, vías biliares y páncreas. (1a ed.). Buenos Aires : S/E. | ||
| 653 | 4 | _aLas ictericias | |
| 653 | 3 | _aEl laboratorio en las enfermedades del hígado y de la vía biliar | |
| 653 | _aSíndrome de insuficiencia hepática | ||
| 653 | 3 | _aEl síndrome de hipertensión portal | |
| 653 | 3 | _aEl paciente con ascitis | |
| 653 | 3 | _aEl síndrome de masa ocupante hepática | |
| 653 | 4 | _aLos síndromes vesiculares | |
| 653 | 3 | _aEl paciente con colestasis | |
| 653 | 4 | _aLos síndromes pancreáticos | |
| 700 | 1 |
_aGennaro,Orlando _93769 |
|
| 942 |
_2ddc _cBK |
||
| 999 |
_c2185 _d2185 |
||